Święta - Statystyki

Ogólne statystyki
  • Ten quiz został rozwiązany 137 razy
  • Średni wynik to 7 z 9
Statystyki odpowiedzi
Data Święto % Poprawnych
1 stycznia Nowy Rok
96%
6 stycznia Trzech Króli
96%
25 grudnia Boże Narodzenie
88%
14 lutego Walentynki
87%
8 marca Dzień Kobiet
82%
1 listopada Wszystkich Świętych
81%
11 listopada Święto Niepodległości
69%
1 maja Święto Pracy
64%
14 października Dzień Edukacji Narodowej
28%
Nie znaleziono quizów pasujących do podanych kryteriów
Rozkład punktacji
Procent ludzi z każdym wynikiem
Percentyl według liczby udzielonych odpowiedzi
Twoja historia wyników
Nie rozwiązałeś tego quizu